00631nam a2200205Ia 4500003000400000008004100004020002200045040000800067100002100075245004100096260002700137300001500164365001100179901002100190902003500211903005800246942001200304952009200316999001700408LDD181029s9999 xx 000 0 und d a195679911c695.00 cLDD aUberoi, Patrucia 0aFreedom and DestinycPatrucia Uberoi aNew YorkbOxfordc2006 axix, 309p. b695.00 a3451b06-11-2006 a0869b08-12-2006cFdAAKARe31 aDiscount-10bReqst by : Singharoy,  2ddccBK 00102ddc4070976877aLDDbLDDl0o305.420954 U3Fp060206r2018-11-01w2018-11-01yBK c76878d76878